Experimental malignant hyperthermia /

Bibliographic Details
Corporate Author: Symposium on Hormonal, Physiologic, and Clinical Studies of Factors Affecting Heat Production During Malignant Hyperthermia
Other Authors: Williams, Charles H. (Charles Herbert), 1935-
Format: Conference Proceeding Book
Language:English
Published: New York : Springer-Verlag, [1988]
Subjects:

MARC

Tag First Indicator Second Indicator Subfields
LEADER 00000cam a2200000 a 4500
001 in00000014950
005 20151007052929.0
008 870909s1988 nyua b 00100 eng d
010 |a  87026443  
020 |a 0387965548 
035 |a (OCoLC)16755617 
035 |9 AAA9756AM 
040 |a DNLM/DLC  |c DLC  |d TXA  |d UtOrBLW 
049 |a TXAM  |c [A11490435] 
050 1 0 |a RD82.7.M3  |b E97 1988 
060 0 |a WO 245 E96 
082 0 |a 617/.96  |2 19 
245 0 0 |a Experimental malignant hyperthermia /  |c Charles H. Williams, editor. 
264 1 |a New York :  |b Springer-Verlag,  |c [1988] 
264 4 |c ©1988 
300 |a xiii, 166 pages :  |b illustrations ;  |c 25 cm. 
336 |a text  |b txt  |2 rdacontent 
337 |a unmediated  |b n  |2 rdamedia 
338 |a volume  |b nc  |2 rdacarrier 
500 |a "This book is the direct result of a Symposium on Hormonal, Physiologic, and Clinical Studies of Factors Affecting Heat Production During Malignant Hyperthermia"--P. [vii] 
504 |a Includes bibliographies and index. 
650 0 |a Malignant hyperthermia. 
650 0 |a Physiology, Experimental. 
700 1 |a Williams, Charles H.  |q (Charles Herbert),  |d 1935- 
711 2 |a Symposium on Hormonal, Physiologic, and Clinical Studies of Factors Affecting Heat Production During Malignant Hyperthermia  |d (1985 :  |c Niagara Falls, N.Y.) 
999 |a MARS 
999 f f |s 471741af-237b-38bd-903a-88d3a1095927  |i 97657feb-d5f3-3138-b256-a75358192fe1  |t 0 
952 f f |p ric  |a Texas A&M University  |b Rellis Campus  |c Joint Library Facility  |d Remote Storage  |t 0  |e RD82.7.M3 E97 1988  |h Library of Congress classification  |i unmediated -- volume  |m A14811490435 
998 f f |a RD82.7.M3 E97 1988  |t 0  |l Remote Storage